| 000 | 02367nam0a2200397 i 4500 | ||
|---|---|---|---|
| 001 | RU\NLR\bibl\1973750 | ||
| 005 | 20260510063839.0 | ||
| 010 |
_a9785967507007 _9200 |
||
| 021 |
_aRU _b2012-87998 _96511 |
||
| 035 | _a(nilc)RSL-KNO-005530593 | ||
| 035 | _a(NLR Aleph) 001962554 | ||
| 090 |
_a3845415 _c3845415 |
||
| 100 | _a20121122d2012 u y0rusy50 ca | ||
| 101 | 0 | _arus | |
| 102 | _aRU | ||
| 105 | _ay ||||||||| | ||
| 200 | 1 |
_aУправленческий учет в сельском хозяйстве _eучебник для студентов сельско-хозяйственных вузов _f[Хоружий Людмила Ивановна, Костина Ольга Ивановна, Губернаторова Наталья Николаевна, Сергеева Ирина Александровна] _gпод ред. д.э.н., проф. Л.И. Хоружий _gМ-во сел. хоз-ва Рос. Федерации, Рос. гос. аграр. ун-т - МСХА им. К.А. Тимирязева |
|
| 210 |
_aМосква _cИзд-во РГАУ-МСХА _d2012 |
||
| 215 |
_a234 с. _cил., табл. _d21 |
||
| 300 | _aАвт. указаны в вып. дан. | ||
| 300 | _aНа обл. авт.: Л.И. Хоружий | ||
| 320 | _aБиблиогр.: с. 224-227 (57 назв.) | ||
| 606 | 1 |
_aСельское хозяйство _jУчебники для высших учебных заведений _xБухгалтерский учет _yРоссийская Федерация _92265702 _3RU\NLR\auth\661358235 |
|
| 686 |
_aУ052.9(2)332.0я73-1 _2rubbk |
||
| 686 | _aУ052.9(2)232я73 | ||
| 701 | 1 |
_aХоружий _bЛ. И. _gЛюдмила Ивановна _4070 |
|
| 701 | 1 |
_aКостина _bО. И. _gОльга Ивановна _4070 |
|
| 701 | 1 |
_aГубернаторова _bН. Н. _gНаталья Николаевна _4070 |
|
| 701 | 1 |
_4070 _7ca _8rus _aСергеева _bИ. А. _cэкономист _gИрина Александровна _917359 _3RU\NLR\auth\7734355 |
|
| 712 | 0 | 2 |
_4570 _aРоссийский государственный аграрный университет - МСХА им. К. А. Тимирязева _9653984 _3RU\NLR\AUTH\8810075940 |
| 801 | 0 |
_aRU _bRuMoRKP _c20121122 _grcr |
|
| 801 | 1 |
_aRU _bРГБ _c20121122 |
|
| 801 | 2 |
_aRU _bNLR _c20121130 _grcr |
|
| 942 | _cBOOK | ||
| 980 | _aNBR | ||